Textbook of morphology and taxonomy (Record no. 3774)

MARC details
000 -LEADER
fixed length control field 00441nam a2200157Ia 4500
008 - FIXED-LENGTH DATA ELEMENTS--GENERAL INFORMATION
fixed length control field 230917s9999||||xx |||||||||||||| ||und||
020 ## - ISBN
Price RS 2495.00
040 ## - CATALOGING SOURCE
-- 5014945
Original cataloging agency VIVEKANANDA LIBRARY
041 ## - Language
-- English
082 ## - DDC NUMBER
Classification number 589 S44T
100 ## - MAIN ENTRY--PERSONAL NAME
Personal name Sambanurty, A V S S
245 #0 - TITLE STATEMENT
Title Textbook of morphology and taxonomy
260 ## - PUBLICATION, DISTRIBUTION, ETC. (IMPRINT)
Place of publication, distribution, etc New Delhi
Name of publisher, distributor, etc Shri Sai Printographers
Date of publication, distribution, etc 2020
500 ## - GENERAL NOTE
General note 4236 24/12/2021 FP22/1331 04/01/2022 Main Budget
942 ## - ADDED ENTRY ELEMENTS (KOHA)
Koha item type Books
Holdings
Withdrawn status Lost status Damaged status Not for loan Location (home branch) Sublocation or collection (holding branch) Date acquired Koha issues (times borrowed) Koha full call number Accession No. Koha date last seen Koha item type
        VIVEKANANDA LIBRARY VIVEKANANDA LIBRARY 02/02/2022   589 S44T 398700 17/09/2023 Books
© Designed and Maintained by Vivekananda Library, MDU Rohtak